Les plus grands pays à n'avoir jamais participé à une Coupe du Monde - Statistiques

Statistiques générales
  • Ce quiz a été pris 61 fois
  • Le résultat moyen est 11 sur 20
Statistiques - réponses
Population Pays % Correct
1 473 millions Inde
96%
258 millions Pakistan
75%
177 millions Bangladesh
73%
102 millions Vietnam
65%
137 millions Ethiopie
62%
71.5 millions Thailande
58%
117 millions Philippines
56%
71.9 millions Tanzanie
56%
28.5 milions Niger
55%
44.7 millions Afghanistan
53%
55 millions Birmanie
53%
58.3 millions Kenya
53%
52.8 millions Soudan
53%
36.2 millions Malaisie
45%
36.3 millions Mozambique
45%
29.6 millions Népal
44%
33.3 millions Madagascar
38%
42.6 millions Yémen
38%
52.3 millions Ouganda
36%
28.6 millions Venezuela
35%
Aucun quiz correspondant
Distribution des résultats
% des personnes avec chaque résultat
Percentile par nombre de réponses
Votre historique - résultats
Vous n’avez pas pris ce quiz